000 00326nam a2200133Ia 4500
008 190216s9999||||xx |||||||||||||| ||und||
100 _aN.E Rajeev
245 0 _aElctrodynamics Iv Ediition
250 _a4th Ed.
260 _bCalicut University Central Co-Operative
_c2007
300 _a579
650 _aPhycs
942 _cBK
999 _c34708
_d34708